[Event "TCh-CHN DivA Regular"]
[Site "Fuling CHN"]
[Date "2023.06.17"]
[Round "11.5"]
[White "Zhang, Di"]
[Black "Zhao, Yuanhe"]
[Result "0-1"]
[WhiteElo "2273"]
[BlackElo "2461"]
[EventDate "2023.06.05"]
[Board "3"]
[EventType "team"]

1. e4 c5 2. d3 Nc6 3. Be2 Nf6 4. f4 d5 5. e5 Ng8 6. Nf3 Bg4 7. Be3 e6 8.
Nbd2 Nh6 9. c3 Nf5 10. Bf2 h5 11. h3 Bxf3 12. Bxf3 g5 13. g4 hxg4 14. hxg4
Rxh1+ 15. Bxh1 Nh6 16. Qf3 gxf4 17. Qxf4 Qc7 18. Bg3 Ng8 19. Nf3 Nge7 20.
Qf6 Ng6 21. O-O-O Be7 22. Qg7 Bf8 23. Qf6 Be7 24. Qg7 Bf8 25. Qh7 O-O-O 26.
Kb1 Qd7 27. Re1 Qe8 28. Ng5 Rd7 29. Qg8 Qe7 30. Nh7 Rd8 31. Nxf8 Rxf8 32.
Qg7 Qg5 33. Qf6 Qxg4 34. Qf2 Nge7 35. Bh4 Qf5 36. Qxf5 Nxf5 37. Bf6 Nb8 38.
c4 dxc4 39. dxc4 Nd7 40. Bg5 Rh8 41. Bf3 Nd4 42. Bd1 Nc6 43. Bf4 Rh4 44.
Bg3 Rh3 45. Bf4 Nb4 46. Be2 Nd3 47. Bxd3 Rxd3 48. b3 Rf3 49. Bc1 Nb8 50.
Bg5 Rf5 51. Bd2 Nc6 52. Bc3 Rf2 53. Re3 Kc7 54. Re4 b6 55. Re3 Nb4 56. Bxb4
cxb4 57. Ka1 Kc6 58. Re1 Kc5 0-1

[Event "TCh-CHN DivA Regular"]
[Site "Fuling CHN"]
[Date "2023.06.17"]
[Round "11.5"]
[White "Chu, Ruotong"]
[Black "Wang, Yu A."]
[Result "0-1"]
[WhiteElo "2166"]
[BlackElo "2255"]
[EventDate "2023.06.05"]
[Board "4"]
[EventType "team"]

1. Nf3 d5 2. g3 Nf6 3. Bg2 e6 4. O-O Be7 5. c4 O-O 6. b3 b6 7. Ne5 Bb7 8.
d4 c5 9. dxc5 Bxc5 10. Nc3 Nc6 11. Nxc6 Bxc6 12. Bg5 Be7 13. Rc1 Ne4 14.
Bxe7 Qxe7 15. cxd5 Nxc3 16. Rxc3 Bxd5 17. Bxd5 exd5 18. Rd3 Rad8 19. e3 Qe6
20. Qd2 Rd6 21. Rd1 Rfd8 22. Rd4 f5 23. f3 Qe7 24. e4 fxe4 25. fxe4 Re6 26.
Rxd5 Re8 27. Rd7 Qc5+ 28. Qd4 Qg5 29. Rxa7 h5 30. Re1 h4 31. Qe3 Qg6 32.
Ra4 hxg3 33. hxg3 Qh5 34. Qe2 Qg5 35. Qe3 Qh5 36. Qe2 Qg5 37. Kg2 Rd8 38.
Rd1 Red6 39. Rxd6 Rxd6 40. Qf3 Rd2+ 41. Kg1 Qc5+ 0-1

[Event "TCh-CHN DivA Regular"]
[Site "Fuling CHN"]
[Date "2023.06.17"]
[Round "11.6"]
[White "Bai, Jinshi"]
[Black "Zhao, Jun"]
[Result "1/2-1/2"]
[WhiteElo "2550"]
[BlackElo "2584"]
[EventDate "2023.06.05"]
[Board "1"]
[EventType "team"]

1. Nf3 d5 2. g3 Nf6 3. Bg2 e6 4. d4 Be7 5. c4 O-O 6. b3 Nbd7 7. O-O b6 8.
Nc3 Bb7 9. Bb2 c5 10. Ne1 Re8 11. Nc2 Bf8 12. Qd2 cxd4 13. Qxd4 Rc8 14.
Rfd1 Ba8 15. cxd5 Nxd5 16. Nxd5 Rxc2 17. Ne3 Rxe2 18. Kf1 Bxg2+ 19. Kxe2
Bc6 20. Rac1 Bb5+ 21. Ke1 Qa8 22. a4 e5 23. Qd5 Bb4+ 24. Bc3 Bc6 25. Qc4
Bf8 26. Bb4 Nc5 27. Nd5 Qc8 28. Bxc5 bxc5 29. h4 Qh3 30. Qf1 Qc8 31. Qc4
Qh3 32. Qf1 Qc8 33. Rd2 a5 34. Qc4 Bb7 35. Qe4 Ba8 36. Rcd1 Bc6 37. Qc4 Qh3
38. Ne3 Qh1+ 39. Qf1 Qe4 40. Qc4 Qh1+ 41. Qf1 Qe4 42. Qc4 Qh1+ 43. Qf1
1/2-1/2

[Event "TCh-CHN DivA Regular"]
[Site "Fuling CHN"]
[Date "2023.06.17"]
[Round "11.6"]
[White "Xu, Zhihang"]
[Black "Huang, Renjie"]
[Result "1/2-1/2"]
[WhiteElo "2510"]
[BlackElo "2406"]
[EventDate "2023.06.05"]
[Board "3"]
[EventType "team"]

1. e4 e5 2. Nf3 Nc6 3. Bb5 Nf6 4. O-O Nxe4 5. Re1 Nd6 6. Nxe5 Nxe5 7. Rxe5+
Be7 8. Bf1 O-O 9. d4 Bf6 10. Re1 Re8 11. Rxe8+ Nxe8 12. c3 d5 13. Bd3 g6
14. Bf4 Ng7 15. Qe2 c6 16. Nd2 Bf5 17. Bxf5 Nxf5 18. Re1 Ng7 19. Nf3 Ne6
20. Be5 Qe7 21. Bxf6 Qxf6 22. Ne5 Re8 23. Ng4 Qd8 24. Qe5 Ng7 25. Qxe8+
Nxe8 26. Rxe8+ Qxe8 27. Nf6+ Kf8 28. Nxe8 Kxe8 29. f4 f5 30. Kf2 Kf7 31.
Kf3 Kf6 32. Kf2 Kf7 33. Kf3 Kf6 34. Kf2 1/2-1/2

[Event "TCh-CHN DivA Regular"]
[Site "Fuling CHN"]
[Date "2023.06.17"]
[Round "11.6"]
[White "Zhang, Xiao"]
[Black "Zhao, Xue"]
[Result "1-0"]
[WhiteElo "2147"]
[BlackElo "2469"]
[EventDate "2023.06.05"]
[Board "4"]
[EventType "team"]

1. d4 Nf6 2. c4 e6 3. Nc3 Bb4 4. f3 d5 5. a3 Bxc3+ 6. bxc3 c6 7. e4 dxe4 8.
fxe4 e5 9. Nf3 Bg4 10. Qd3 Bxf3 11. gxf3 Nh5 12. Be3 Nd7 13. Be2 Qh4+ 14.
Bf2 Qe7 15. Qe3 c5 16. Rg1 cxd4 17. cxd4 exd4 18. Qxd4 Ne5 19. Qc5 Qf6 20.
Rd1 Nf4 21. Bd4 Qh4+ 22. Bf2 Qf6 23. Rd6 Nxf3+ 24. Bxf3 Qc3+ 25. Kf1 Qxf3
26. Qe5+ Ne6 27. Rxg7 Qh3+ 28. Ke2 h6 29. Ke1 Ke7 30. Rg3 f6 31. Rg7+ Kf8
32. Qxf6+ 1-0

[Event "TCh-CHN DivA Regular"]
[Site "Fuling CHN"]
[Date "2023.06.17"]
[Round "11.6"]
[White "Yan, Tianqi"]
[Black "Hu, Yu A."]
[Result "1-0"]
[WhiteElo "2246"]
[BlackElo "2065"]
[EventDate "2023.06.05"]
[Board "5"]
[EventType "team"]

1. e4 c5 2. Nc3 Nc6 3. Nf3 Nf6 4. Bb5 Nd4 5. e5 Nxb5 6. Nxb5 Nd5 7. O-O a6
8. c4 Nb6 9. Nc3 Nxc4 10. d4 cxd4 11. Qxd4 b5 12. b3 Na5 13. Rd1 Bb7 14.
Ng5 h6 15. e6 fxe6 16. Qd3 1-0